000 00460nmm a2200169Ia 4500
008 251105s9999||||xx |||||||||||||||||und||
020 _a9788498166125
041 _aspa
100 _aEncina, Juan del
245 0 _aArte de poesía castellana
264 _a[Madrid, España] :
_bLinkgua,
_c2011
300 _a30 páginas
490 _aPensamiento
650 _aSpanish literature
856 _uhttps://public.digitaliapublishing.com/a/16726
942 _cCF
999 _c91323
_d91323